歌咏尊崇 : 诗篇 ; 活出智慧 : 箴言 Ge yong zun chong : Shi pian ; Huo chu zhi hui : Zhen yan = Be worshipful, Be exultant : Psalm ; Be skillful : Proverbs {ch} / (Record no. 37272)
[ view plain ]
| 000 -LEADER | |
|---|---|
| fixed length control field | 00933nam a22002057a 4500 |
| 005 - DATE AND TIME OF LATEST TRANSACTION | |
| control field | 20190413162218.0 |
| 008 - FIXED-LENGTH DATA ELEMENTS--GENERAL INFORMATION | |
| fixed length control field | 140127b ch ||||| |||| 00| 0 chi d |
| 020 ## - INTERNATIONAL STANDARD BOOK NUMBER | |
| International Standard Book Number | 9787802541917 |
| 020 ## - INTERNATIONAL STANDARD BOOK NUMBER | |
| International Standard Book Number | 7802541913 |
| 100 ## - MAIN ENTRY--PERSONAL NAME | |
| Personal name | 威尔斯比 Wiersbe, Warren W. |
| 245 ## - TITLE STATEMENT | |
| Title | 歌咏尊崇 : 诗篇 ; 活出智慧 : 箴言 Ge yong zun chong : Shi pian ; Huo chu zhi hui : Zhen yan = Be worshipful, Be exultant : Psalm ; Be skillful : Proverbs {ch} / |
| Statement of responsibility, etc | 威尔斯比 Warren W. Wiersbe |
| 260 ## - PUBLICATION, DISTRIBUTION, ETC. (IMPRINT) | |
| Place of publication, distribution, etc | 北京市 Beijing Shi : |
| Name of publisher, distributor, etc | 宗教文化出版社 Zong jiao wen hua chu ban she, |
| Date of publication, distribution, etc | 2009. |
| 300 ## - PHYSICAL DESCRIPTION | |
| Extent | 2, 2, 611 p. ; |
| Dimensions | 24 cm. |
| 440 ## - SERIES STATEMENT/ADDED ENTRY--TITLE | |
| Title | 聖經解經系列 Sheng ming geng xin jie jing xi lie. |
| 504 ## - BIBLIOGRAPHY, ETC. NOTE | |
| Bibliography, etc | Includes bibliographical references. |
| 630 ## - SUBJECT ADDED ENTRY--UNIFORM TITLE | |
| Uniform title | Bible. |
| Name of part/section of a work | Psalms. |
| General subdivision | Commentaries {ch}. |
| 630 ## - SUBJECT ADDED ENTRY--UNIFORM TITLE | |
| Uniform title | Bible. |
| Name of part/section of a work | Proverbs {ch}. |
| General subdivision | Devotional literature {ch}. |
| 650 ## - SUBJECT ADDED ENTRY--TOPICAL TERM | |
| Topical term or geographic name as entry element | Christian life |
| General subdivision | Biblical teaching {ch}. |
| 942 ## - ADDED ENTRY ELEMENTS (KOHA) | |
| Source of classification or shelving scheme | Library of Congress Classification |
| Item type | Books |
| Koha issues (borrowed), all copies | 7 |
| Withdrawn status | Lost status | Source of classification or shelving scheme | Damaged status | Not for loan | Home library | Current library | Shelving location | Date acquired | Cost, normal purchase price | Accession number | Total Checkouts | Total Renewals | Full call number | Barcode | Date last seen | Date last borrowed | Price effective from | Koha item type |
|---|---|---|---|---|---|---|---|---|---|---|---|---|---|---|---|---|---|---|
| Library of Congress Classification | BSOP Library | BSOP Library | Chinese Books (General Circulation) | 01/27/2014 | 600.00 | C-11931 | 7 | 4 | BS1430.3 W63 2009 | 00043731 | 04/27/2019 | 04/13/2019 | 01/27/2014 | Books |
